[Event "Imperia op 30th"]
[Site "Imperia"]
[Date "1988.09.11"]
[Round "8.19"]
[White "Daeberitz, Harald"]
[Black "Bowig, Joachim"]
[Result "1-0"]
[WhiteElo "2200"]
[BlackElo "1950"]
[PlyCount "85"]
[EventDate "1988.09.04"]
[EventType "swiss"]
[EventRounds "8"]
[EventCountry "ITA"]
[SourceTitle "EXT 2024"]
[Source "ChessBase"]
[SourceDate "2023.10.10"]
[SourceVersion "1"]
[SourceVersionDate "2023.10.10"]
[SourceQuality "1"]

1. e4 Nf6 2. d3 e5 3. Nf3 Nc6 4. c3 d5 5. Qc2 h6 6. Be2 Bc5 7. 0-0 0-0 8. b4 Bd6 9. Nbd2 Bg4 10. h3 Bh5 11. Re1 Bg6 12. Bf1 b5 13. a3 a5 14. Rb1 a4 15. Nh4 Bh7 16. g3 dxe4 17. dxe4 Rb8 18. Bb2 Qd7 19. c4 bxc4 20. Nxc4 Nd4 21. Qd3 Rfe8 22. Bg2 c5 23. Bxd4 exd4 24. Nxd6 Qxd6 25. b5 c4 26. Qxc4 Nxe4 27. Rbd1 Qxa3 28. Rxd4 Nxf2 29. Rf1 Qxg3 30. Rxf2 Re1+ 31. Rf1 Rxf1+ 32. Qxf1 Re8 33. Nf3 Be4 34. Qf2 Qb8 35. Rxa4 Qxb5 36. Ra2 Re6 37. Rb2 Qa5 38. Qd4 Bc6 39. Rd2 Kh7 40. Nh4 Bxg2 41. Rxg2 Qe1+ 42. Kh2 Rf6 43. Nf5 1-0

[Event "Imperia op 30th"]
[Site "Imperia"]
[Date "1988.09.10"]
[Round "7.14"]
[White "Kljako, Damir"]
[Black "Bowig, Joachim"]
[Result "1-0"]
[WhiteElo "2335"]
[BlackElo "1950"]
[PlyCount "131"]
[EventDate "1988.09.04"]
[EventType "swiss"]
[EventRounds "8"]
[EventCountry "ITA"]
[SourceTitle "EXT 2024"]
[Source "ChessBase"]
[SourceDate "2023.10.10"]
[SourceVersion "1"]
[SourceVersionDate "2023.10.10"]
[SourceQuality "1"]

1. d4 Nf6 2. Nf3 g6 3. Bg5 Bg7 4. Nbd2 d5 5. e3 0-0 6. Be2 Nbd7 7. h3 c6 8. c3 Qc7 9. Bf4 Qb6 10. Qc2 Ne4 11. Nxe4 dxe4 12. Ng5 e5 13. dxe5 Nxe5 14. Bxe5 Bxe5 15. Nxe4 Bf5 16. Bf3 Rfe8 17. g4 Bxe4 18. Bxe4 Bg3 19. 0-0 Bc7 20. Rfd1 Rad8 21. Bg2 Be5 22. Bf3 Rxd1+ 23. Rxd1 Rd8 24. Qe4 Bf6 25. Kg2 Kg7 26. Rxd8 Qxd8 27. Be2 Bh4 28. Bc4 Qf6 29. f4 Qd6 30. Qd4+ Qxd4 31. cxd4 h6 32. e4 Be1 33. Kf3 a5 34. a4 Bd2 35. e5 Bc1 36. b3 Kf8 37. Ke4 Ke7 38. h4 Bd2 39. h5 gxh5 40. gxh5 Bc1 41. Be2 Bd2 42. Bg4 b6 43. Bc8 Be1 44. Bb7 Kd7 45. f5 Bg3 46. f6 Bh2 47. Ba6 Bg3 48. Be2 Bh2 49. Bg4+ Ke8 50. Bf5 Bg3 51. Bg6 Kf8 52. Bf5 Ke8 53. Bc8 Bf2 54. Bb7 Kd7 55. Ba6 Bg1 56. Be2 Bf2 57. Bf3 Bg1 58. Kd3 Bh2 59. Bg4+ Ke8 60. Bh3 Bg3 61. Bf5 Bh2 62. Be4 Kd7 63. Bg6 Ke8 64. e6 Bg3 65. Bxf7+ Kf8 66. Bg6 1-0

[Event "Imperia op 30th"]
[Site "Imperia"]
[Date "1988.09.09"]
[Round "6.26"]
[White "Bowig, Joachim"]
[Black "Beggi, Pierluigi"]
[Result "1-0"]
[WhiteElo "1950"]
[BlackElo "2165"]
[PlyCount "125"]
[EventDate "1988.09.04"]
[EventType "swiss"]
[EventRounds "8"]
[EventCountry "ITA"]
[SourceTitle "EXT 2024"]
[Source "ChessBase"]
[SourceDate "2023.10.10"]
[SourceVersion "1"]
[SourceVersionDate "2023.10.10"]
[SourceQuality "1"]

1. e4 c5 2. Nf3 Nc6 3. d4 cxd4 4. Nxd4 Nf6 5. Nc3 d6 6. f4 e5 7. Nxc6 bxc6 8. fxe5 dxe5 9. Qxd8+ Kxd8 10. Bg5 Be7 11. Bc4 Rf8 12. 0-0-0+ Kc7 13. a3 Bg4 14. Rd3 Bh5 15. Bh4 Rfd8 16. Bg3 Nd7 17. Rf1 f6 18. Bf2 Nc5 19. Rg3 Bg6 20. h4 Bf8 21. Bxc5 Bxc5 22. h5 Bxh5 23. Rxg7+ Rd7 24. Rxd7+ Kxd7 25. Rxf6 Bg6 26. Rxc6 Be3+ 27. Kb1 Rf8 28. Bb5 Kd8 29. Nd5 Bd4 30. Rd6+ Kc8 31. Ba6+ Kb8 32. Rd7 Bb6 33. Rb7+ Ka8 34. Re7 Bxe4 35. Bb7+ Kb8 36. Nxb6 Rf1+ 37. Ka2 Bxb7 38. Nd7+ Kc8 39. Nxe5 Re1 40. g4 Bd5+ 41. b3 Re2 42. Kb2 Be4 43. Kc3 Bxc2 44. Rxa7 Bxb3 45. Kxb3 Rxe5 46. Rxh7 Re3+ 47. Kb2 Re2+ 48. Kc3 Re3+ 49. Kd4 Rxa3 50. Ke5 Ra6 51. Re7 Kd8 52. Re6 Ra1 53. Kf6 Rf1+ 54. Kg6 Kd7 55. Re2 Rf3 56. g5 Rf1 57. Kg7 Rh1 58. g6 Rh3 59. Kg8 Rh1 60. g7 Rh3 61. Re5 Kd6 62. Re4 Kd5 63. Rg4 1-0

[Event "Imperia op 30th"]
[Site "Imperia"]
[Date "1988.09.05"]
[Round "2.25"]
[White "Ricci, Marco"]
[Black "Bowig, Joachim"]
[Result "0-1"]
[WhiteElo "1960"]
[BlackElo "1950"]
[PlyCount "78"]
[EventDate "1988.09.04"]
[EventType "swiss"]
[EventRounds "8"]
[EventCountry "ITA"]
[SourceTitle "EXT 2024"]
[Source "ChessBase"]
[SourceDate "2023.10.10"]
[SourceVersion "1"]
[SourceVersionDate "2023.10.10"]
[SourceQuality "1"]

1. e4 Nf6 2. e5 Nd5 3. d4 d6 4. Nf3 g6 5. c4 Nb6 6. Nc3 Bg7 7. Be3 Nc6 8. exd6 cxd6 9. Be2 0-0 10. 0-0 Bg4 11. b3 d5 12. c5 Nc8 13. b4 Bxf3 14. Bxf3 Nxd4 15. Bxd4 e5 16. Bxe5 Bxe5 17. Nxd5 Bxa1 18. Qxa1 f6 19. Rd1 Kg7 20. Nb6 axb6 21. Rxd8 Rxd8 22. g3 bxc5 23. bxc5 Ra5 24. Bxb7 Rxc5 25. a4 Nd6 26. Bf3 Nc4 27. Qe1 Rd7 28. Qe6 Ne5 29. Be4 Ra7 30. f4 Nf7 31. Bd5 h5 32. Bb3 Rb7 33. Qe3 Rcc7 34. Bxf7 Rxf7 35. a5 Rfe7 36. Qd4 Re2 37. Qd1 Rbb2 38. Qd7+ Kh6 39. Qd5 Rb1+ 0-1

[Event "Imperia op 30th"]
[Site "Imperia"]
[Date "1988.09.04"]
[Round "1.5"]
[White "Bowig, Joachim"]
[Black "Mantovani, Renzo"]
[Result "0-1"]
[WhiteElo "1950"]
[BlackElo "2400"]
[PlyCount "58"]
[EventDate "1988.09.04"]
[EventType "swiss"]
[EventRounds "8"]
[EventCountry "ITA"]
[SourceTitle "EXT 2024"]
[Source "ChessBase"]
[SourceDate "2023.10.10"]
[SourceVersion "1"]
[SourceVersionDate "2023.10.10"]
[SourceQuality "1"]

1. e4 c5 2. Nf3 d6 3. d4 cxd4 4. Nxd4 Nf6 5. Nc3 Nc6 6. Bc4 e6 7. Bb3 a6 8. a4 Bd7 9. Be3 Rc8 10. Qe2 Na5 11. Ba2 Qc7 12. 0-0 Nc4 13. Bxc4 Qxc4 14. Qxc4 Rxc4 15. f3 Be7 16. Rfd1 0-0 17. a5 Rfc8 18. Rd2 Be8 19. Rad1 Nd7 20. Nb3 Ne5 21. Bf2 R4c6 22. Rd4 Nc4 23. Na4 Bf6 24. Rxc4 Rxc4 25. Nb6 Rxc2 26. Nxc8 Rxc8 27. Rxd6 Ba4 28. Nc5 Be7 29. Rd2 Rxc5 0-1